Vývin vlastníckeho práva. Sv. 1., Vlastnícke právo kapitalizmu /

Hlavní autor: Eörsi, Gyula, 1922-1992
Jazyk: Slovenština
Vydáno: Bratislava : Slovenské vydavateľstvo politickej literatúry, 1953
Vydání: 1. vyd.
Fyzický popis: 359 s.
Knihy
Uloženo v:
LEADER 00901nam a22002532a 4500
001 000375716
003 CZ BrMZK
005 20150827114548.0
007 ta
008 980105s1953 xo f slo d
040 |a BOA001  |b cze 
041 1 |a slo  |h hun 
100 1 |a Eörsi, Gyula,  |d 1922-1992  |7 xx0093367  |4 aut 
245 1 0 |a Vývin vlastníckeho práva.  |n Sv. 1.,  |p Vlastnícke právo kapitalizmu /  |c Gyula Eörsi 
246 3 0 |a Vlastnícke právo kapitalizmu 
250 |a 1. vyd. 
260 |a Bratislava :  |b Slovenské vydavateľstvo politickej literatúry,  |c 1953 
300 |a 359 s. 
500 |a Přeloženo z maďarštiny 
910 |a BOA001  |b 2-0313.038,1 
990 |a BK 
991 |b 201502 
996 7 |b 2618816340  |c 2-0313.038,1  |l MZK  |r Sklad / do 24 hodin  |n 0  |w 000375716  |u 000020  |a 1  |e BOA001  |j MZK50  |s A 
996 7 |b 2619822058  |c 2-0313.038,1  |l MZK  |r Sklad / do 24 hodin  |n 0  |w 000375716  |u 000010  |a 1  |e BOA001  |j MZK50  |s A